000 00621nam a22001697a 4500
003 AUA.1
005 20251016120844.0
008 250714b |||||||| |||| 00| 0 eng d
040 _cJTL
100 _aHosna-Janeta, Paulo
245 _aStrategy to tackle cohabitation among members of South-West Liberia Conference of the Seventh-day Adventist Church /
_cPaulo Hosna-Janeta.
260 _cc2025.
300 _aix, 93 leaves :
_bIllustrations :
_c30cm.
610 _aSeventh-day Adventist Church
_bSouth-West Liberia Conference
650 _aCohabitation agreements
942 _2aua
_cPROJECT
_hMDiv
_i.H67 2025
999 _c25225
_d25225